| 000 | 01125nam a22003137c 4500 | ||
|---|---|---|---|
| 001 | 59527 | ||
| 003 | CO-BoRNBP | ||
| 005 | 20251022154516.0 | ||
| 007 | ta | ||
| 008 | 250122s2024 ck ad||gr|||| 000 0 spa d | ||
| 020 | _a9789588879659 | ||
| 040 |
_aCO-BoRNBP _bspa _erda _cCO-BoRNBP |
||
| 041 | 0 | _aspa | |
| 082 | 0 | 4 |
_223 _a345.025 _bS15r |
| 100 |
_aSánchez Iregui, Javier Felipe _eaut _965844 |
||
| 245 | 1 | 0 |
_aRedes sociales : _bdel daño virtual a la responsabilidad legal / _cJavier Felipe Sánchez Iregui. |
| 250 | _aEdición especial | ||
| 264 | 1 |
_aBogotá, Colombia : _bGrupo Noriega Editores de Colombia, _c2024 |
|
| 300 |
_a211 páginas : _bilustraciones, gráficas en blanco y negro |
||
| 336 |
_2rdacontent _atexto _btxt |
||
| 337 |
_2rdamedia _asin mediación _bn |
||
| 338 |
_2rdacarrier _avolumen _bnc |
||
| 500 | _aIncluye referencias bibliográficas | ||
| 650 | 0 | 7 |
_aDelitos por computador _2lemb _965845 |
| 650 | 0 | 7 |
_aLibertad de palabra _2lemb _965846 |
| 650 | 0 | 7 |
_aRedes sociales en línea _xLegislación _zAmérica Latina _2LEMB _965847 |
| 650 | 0 | 7 |
_aResponsabilidad legal _2lemb _932447 |
| 942 |
_2loc _cBK _n0 |
||
| 999 |
_c59527 _d59527 |
||